• 首页
  • 本馆介绍
  • 公告通知
  • 最新文献
  • 馆藏检索
  • 电子资源
  • 读者导购
  • 参考咨询
  • 我的图书馆
  • 登录
  • 详细信息显示
  • 放入我的书架
  • 预约/预借图书
  • 作者相关作品
  • 分类相关作品
  • 丛书相关作品
  • 出版社相关作品

书目信息

  • 表格格式
  • 工作单格式
  • 卡片格式
题名:
严密自然科学基础近年来的变化
    
 
作者: Heisenberg , 海森堡 著 ;海森堡论文选翻译组 译
分册:  
出版信息: 上海   上海译文出版社  1978
页数: 202页
开本: 20cm
丛书名:
单 册:
中图分类: N41
科图分类:
主题词: 自然科学--文集--教学计划 , 自然科学--教学大纲
电子资源:
ISBN:
000 00856nam0 2200277 45
001 0178006060
005 20060911145115.56
010    @dCNY0.62
091    @a13188.2
100    @a19950726d1978 em y0chiy0121 ea
101 1  @achi@cger
102    @aCN@b310000
105    @ay z 000yy
200 10 @a严密自然科学基础近年来的变化@Ayan mi zi ran ke xue ji chu jin nian lai de bian hua@f(德)海森堡(W.Heisenberg)著@g《海森堡论文选》翻译组译
210    @a上海@c上海译文出版社@d1978
215    @a202页@d20cm
300    @a内部发行
606    @a自然科学@x文集@x教学计划
606 0  @a自然科学@x教学大纲
610 0  @a自然科学
690    @aN41@v3
701 A1 @aHeisenberg@bW.@4著
701  1 @a海森堡@Ahai sen bao@bW.@4著
712 02 @a海森堡论文选翻译组@Ahai sen bao lun wen xuan fan yi zu@4译
801  0 @aCN@bTSSF@c20060911
905    @a10447@dN41@e144
    
    严密自然科学基础近年来的变化/(德)海森堡(W.Heisenberg)著/《海森堡论文选》翻译组译.-上海:上海译文出版社,1978
    202页;20cm
    内部发行
    
    ISBN :CNY0.62
    
●
相关链接 在E读中查询图书 在五车中查询图书 在当当中查询图书 在豆瓣中查询图书


正题名:严密自然科学基础近年来的变化     索取号:N41/144         预约/预借

序号 登录号 条形码 馆藏地/架位号 状态 备注
1 0470530   204705300   密集书库/ [索取号:N41/144] 在馆    
2 0470531   204705319   密集书库/ [索取号:N41/144] 在馆    
唐山师范学院图书馆 欢迎您!
大连网信软件有限公司© 版权所有